[Event "Berlin Lieb Memorial 5th"]
[Site "Berlin"]
[Date "2019.06.07"]
[Round "5"]
[White "Langner, Hans Rainer"]
[Black "Nuristani, Akbar"]
[Result "1-0"]
[WhiteElo "1574"]
[BlackElo "1802"]
[PlyCount "51"]
[EventDate "2019.05.03"]
[EventType "swiss"]
[EventRounds "7"]
[EventCountry "GER"]
[SourceTitle "EXT 2020"]
[Source "ChessBase"]
[SourceDate "2019.10.17"]
[SourceVersion "1"]
[SourceVersionDate "2019.10.17"]
[SourceQuality "1"]

1. d4 Nf6 2. Nf3 g6 3. c4 c6 4. Nc3 Bg7 5. e4 0-0 6. e5 Ne8 7. Be2 d5 8. Be3 a5 9. Qd2 f5 10. Bh6 e6 11. h4 Qd7 12. h5 Bxh6 13. Qxh6 Qg7 14. hxg6 Qxg6 15. Ng5 b5 16. cxb5 Ra7 17. Qxg6+ hxg6 18. Na4 Ng7 19. Rc1 cxb5 20. Nc5 b4 21. Kd2 f4 22. Rh3 Rc7 23. Rch1 Nh5 24. Bxh5 Kg7 25. Bg4 Rff7 26. Nxf7 1-0

[Event "Berlin Eckbauer op 21st"]
[Site "Berlin"]
[Date "2018.10.22"]
[Round "3"]
[White "Nuristani, Akbar"]
[Black "Wehr, Joachim"]
[Result "0-1"]
[WhiteElo "1802"]
[BlackElo "1611"]
[PlyCount "106"]
[EventDate "2018.10.08"]
[EventType "swiss"]
[EventRounds "7"]
[EventCountry "GER"]
[SourceTitle "CBM 189 Extra"]
[Source "ChessBase"]
[SourceDate "2019.06.03"]
[SourceVersion "1"]
[SourceVersionDate "2019.06.03"]
[SourceQuality "1"]

1. Nf3 Nf6 2. d3 g6 3. e4 d6 4. g3 Bg7 5. Bg2 0-0 6. 0-0 Bg4 7. Nbd2 Nbd7 8. h3 Bxf3 9. Nxf3 c6 10. Re1 Qc7 11. Be3 h6 12. Qd2 Kh7 13. Rab1 b6 14. g4 Ng8 15. Nh4 e5 16. g5 hxg5 17. Bxg5 Bh6 18. Nf3 f6 19. Bxh6 Nxh6 20. h4 Rg8 21. Kh1 Nf8 22. Bh3 Qe7 23. Rg1 Ne6 24. Bxe6 Qxe6 25. Rg3 Qe7 26. Rbg1 d5 27. Nh2 dxe4 28. dxe4 Rad8 29. Qe2 Rg7 30. h5 g5 31. Ng4 Qe6 32. b3 Nxg4 33. Rxg4 Rgd7 34. R4g3 Rd2 35. Qa6 Qf7 36. Kg2 Rxc2 37. Rh1 Kh6 38. Qa4 Rdd2 39. Rf3 Rd4 40. b4 Rcc4 41. Qb3 Qe6 42. Rhh3 b5 43. Qe3 Rxe4 44. Qxa7 g4 45. Rhg3 gxf3+ 46. Kxf3 Rf4+ 47. Kg2 Qd5+ 48. Kh2 Rh4+ 49. Rh3 Rxh3+ 50. Kxh3 Qh1+ 51. Kg3 Qg1+ 52. Kf3 Qg4+ 53. Ke3 Qe4+ 0-1

[Event "Berlin Lieb Memorial 4th"]
[Site "Berlin"]
[Date "2018.05.31"]
[Round "3"]
[White "Grabs, Peter1111"]
[Black "Nuristani, Akbar"]
[Result "0-1"]
[WhiteElo "1502"]
[BlackElo "1800"]
[PlyCount "100"]
[EventDate "2018.05.17"]
[EventType "swiss"]
[EventRounds "7"]
[EventCountry "GER"]
[SourceTitle "CBM 189 Extra"]
[Source "ChessBase"]
[SourceDate "2019.06.03"]
[SourceVersion "1"]
[SourceVersionDate "2019.06.03"]
[SourceQuality "1"]

1. e4 d6 2. d4 g6 3. Bc4 Bg7 4. Nf3 Nc6 5. Nc3 a6 6. a4 h6 7. 0-0 e5 8. dxe5 Nxe5 9. Nxe5 Bxe5 10. f4 Bxc3 11. bxc3 Qe7 12. Ba3 Be6 13. Qd4 Rh7 14. Bb3 c5 15. Qd2 0-0-0 16. c4 Nf6 17. Rae1 Qc7 18. Bb2 Ne8 19. Bc3 h5 20. a5 h4 21. Ba4 Bxc4 22. Rf3 Bb5 23. Bxb5 axb5 24. Ra1 Qc6 25. Re3 Nc7 26. Bf6 Re8 27. Qe2 Ne6 28. f5 Nf4 29. Qe1 gxf5 30. Qf2 Nh5 31. Bb2 f4 32. Ree1 Rg8 33. Qf3 f5 34. Qf2 fxe4 35. Qxh4 e3 36. Qh3+ Kc7 37. Re2 f3 38. Rxe3 Rxg2+ 39. Kf1 Nf6 40. Qxf3 Ng4 41. Qxc6+ Kxc6 42. Re4 Rhxh2 43. Re7 Rxc2 44. Bd4 cxd4 45. Kg1 Rcg2+ 46. Kf1 Ne3+ 47. Rxe3 dxe3 48. Rc1+ Kd5 49. Rd1+ Rd2 50. Ke1 Rh1# 0-1

[Event "Berlin Eckbauer op 19th"]
[Site "Berlin"]
[Date "2016.11.28"]
[Round "7"]
[White "Dziallas, Michael"]
[Black "Nuristani, Akbar"]
[Result "0-1"]
[WhiteElo "1784"]
[BlackElo "1796"]
[PlyCount "112"]
[EventDate "2016.10.10"]
[EventType "swiss"]
[EventRounds "7"]
[EventCountry "GER"]
[SourceTitle "EXT 2022"]
[Source "ChessBase"]
[SourceDate "2021.10.06"]
[SourceVersion "1"]
[SourceVersionDate "2021.10.06"]
[SourceQuality "1"]

1. c4 Nf6 2. Nc3 g6 3. e4 d6 4. d4 Bg7 5. Nf3 0-0 6. Be2 Nc6 7. d5 Ne5 8. Nxe5 dxe5 9. 0-0 h6 10. Be3 b6 11. Qd2 Kh7 12. h3 Ng8 13. f4 exf4 14. Bxf4 e5 15. Bg3 h5 16. Rad1 Bh6 17. Qe1 Qe7 18. Bd3 a6 19. Kh1 Bd7 20. a3 g5 21. Qe2 Nf6 22. Be1 Rg8 23. Bd2 Rg6 24. Rf2 Rag8 25. Rdf1 R8g7 26. Nd1 g4 27. Bxh6 Rxh6 28. Kh2 g3+ 29. Kh1 gxf2 30. Rxf2 h4 31. Ne3 Nh5 32. Qd2 Nf4 33. d6 cxd6 34. Rxf4 exf4 35. Nd5 Qe5 36. Nxf4 Kh8 37. Nd5 Rhg6 38. Nf4 Rg5 39. Qf2 Rg3 40. Bf1 R7g5 41. Ne2 Rb3 42. Qxf7 Qg7 43. Qf4 Qh6 44. Nd4 Rxb2 45. Nf3 Rh5 46. Qf7 Bc6 47. Nd4 Rb1 48. Nxc6 d5 49. Ne7 Rg5 50. exd5 Qg7 51. Qf4 Qxe7 52. d6 Qe5 53. Qf8+ Kh7 54. d7 Rf5 55. Qg8+ Kh6 56. g3 Rbxf1+ 0-1

[Event "Berlin Lieb Memorial 2nd"]
[Site "Berlin"]
[Date "2016.06.23"]
[Round "6"]
[White "Korell, Klaus Peter"]
[Black "Nuristani, Akbar"]
[Result "1-0"]
[WhiteElo "1895"]
[BlackElo "1809"]
[PlyCount "91"]
[EventDate "2016.05.19"]
[EventType "swiss"]
[EventRounds "7"]
[EventCountry "GER"]
[SourceTitle "EXT 2022"]
[Source "ChessBase"]
[SourceDate "2021.10.06"]
[SourceVersion "1"]
[SourceVersionDate "2021.10.06"]
[SourceQuality "1"]

1. d4 d5 2. c4 e6 3. Nf3 dxc4 4. Nc3 c6 5. a4 Bb4 6. Bd2 Bd7 7. e3 b5 8. Ne5 Nf6 9. axb5 cxb5 10. Qf3 Bxc3 11. Bxc3 Nc6 12. Nxc6 Qc7 13. Ne5 0-0 14. Be2 Rfc8 15. Ba5 Qd6 16. 0-0 Be8 17. Rfc1 Nd5 18. e4 Ne7 19. Qc3 f6 20. Nf3 Nc6 21. e5 fxe5 22. dxe5 Qc5 23. b4 Qe7 24. Rd1 h6 25. Rd6 Kf7 26. Qe3 Kg8 27. Ne1 Nxa5 28. Rxa5 Rc7 29. Bg4 c3 30. Bxe6+ Kh8 31. Bb3 Bc6 32. Bc2 Qg5 33. Qxg5 hxg5 34. Ra1 Kg8 35. Rxc6 Rxc6 36. Be4 Rac8 37. Bxc6 Rxc6 38. Nc2 a6 39. Kf1 Kf7 40. Ke2 Re6 41. Kd3 Rxe5 42. Rxa6 g4 43. Ne3 Rg5 44. Kxc3 Ke7 45. Kd4 Kd7 46. Ke4 1-0

[Event "Berlin Eckbauer op 18th"]
[Site "Berlin"]
[Date "2015.11.23"]
[Round "7"]
[White "Nuristani, Akbar"]
[Black "Mayer, Herbert"]
[Result "0-1"]
[WhiteElo "1809"]
[BlackElo "1965"]
[PlyCount "64"]
[EventDate "2015.10.05"]
[EventType "swiss"]
[EventRounds "7"]
[EventCountry "GER"]
[SourceTitle "EXT 2022"]
[Source "ChessBase"]
[SourceDate "2021.10.06"]
[SourceVersion "1"]
[SourceVersionDate "2021.10.06"]
[SourceQuality "1"]

1. Nf3 c5 2. g3 d5 3. d3 g6 4. Bg2 Bg7 5. 0-0 Nf6 6. Nbd2 0-0 7. Re1 Nc6 8. c3 e5 9. e4 d4 10. cxd4 cxd4 11. Nc4 Nd7 12. a4 Nb6 13. b3 Nxc4 14. bxc4 Bd7 15. Ba3 Re8 16. Rb1 Qc7 17. Qc2 Rab8 18. Nd2 Nd8 19. Ra1 Ne6 20. Reb1 Bh6 21. Nf3 Nc5 22. Bb4 Bf8 23. a5 Bc6 24. Bd2 Qd7 25. h4 Ba4 26. Qa2 Bc6 27. Ne1 b5 28. axb6 axb6 29. Qb2 Bd6 30. Kh2 f5 31. Bh3 Qf7 32. f4 fxe4 0-1

[Event "Berlin Eckbauer op 17th"]
[Site "Berlin"]
[Date "2014.10.06"]
[Round "1"]
[White "Steiner, Wolfram"]
[Black "Nuristani, Akbar"]
[Result "1-0"]
[WhiteElo "1982"]
[BlackElo "1816"]
[PlyCount "55"]
[EventDate "2014.10.06"]
[EventType "swiss"]
[EventRounds "7"]
[EventCountry "GER"]
[SourceTitle "EXT 2022"]
[Source "ChessBase"]
[SourceDate "2021.10.06"]
[SourceVersion "1"]
[SourceVersionDate "2021.10.06"]
[SourceQuality "1"]

1. Nf3 g6 2. e4 Bg7 3. d4 c5 4. c3 cxd4 5. cxd4 d6 6. h3 Bd7 7. Nc3 e6 8. Be3 Ne7 9. Be2 0-0 10. Qd2 a6 11. Bh6 d5 12. Bxg7 Kxg7 13. exd5 exd5 14. 0-0 Nbc6 15. Ne5 Be6 16. Rac1 Nxe5 17. dxe5 d4 18. Ne4 Nc6 19. f4 Qb6 20. Bd3 Bxa2 21. f5 h6 22. f6+ Kh7 23. Rxc6 Qxc6 24. Nd6 Bd5 25. Nf5 g5 26. Ne7+ Kh8 27. Nxc6 bxc6 28. Qe2 1-0

[Event "Berlin Eckbauer op 16th"]
[Site "Berlin"]
[Date "2013.10.21"]
[Round "3"]
[White "Nuristani, Akbar"]
[Black "Rohrbach, Stephan"]
[Result "0-1"]
[WhiteElo "1603"]
[BlackElo "1858"]
[PlyCount "110"]
[EventDate "2013.10.07"]
[EventType "swiss"]
[EventRounds "7"]
[EventCountry "GER"]
[SourceTitle "EXT 2022"]
[Source "ChessBase"]
[SourceDate "2021.10.06"]
[SourceVersion "1"]
[SourceVersionDate "2021.10.06"]
[SourceQuality "1"]

1. Nf3 e6 2. c4 c5 3. e4 b6 4. Nc3 Bb7 5. g3 Nc6 6. Bg2 g6 7. 0-0 Bg7 8. Re1 d6 9. d3 Nge7 10. Rb1 0-0 11. Be3 Ne5 12. Ng5 h6 13. f4 hxg5 14. fxe5 dxe5 15. Bxg5 f6 16. Be3 Qd7 17. Qe2 Rad8 18. Rbd1 Nc6 19. a3 Nd4 20. Qf2 Qe7 21. g4 Rd7 22. Bf1 f5 23. gxf5 gxf5 24. Bg2 f4 25. Bxd4 exd4 26. Ne2 e5 27. Bf3 Bf6 28. Qg2+ Qg7 29. Bg4 Re7 30. Kh1 Bc8 31. h3 Bxg4 32. hxg4 Bh4 33. Rf1 Qh6 34. Rf3 Rh7 35. Qh3 Qg5 36. Qg2 Bg3+ 37. Kg1 Rh2 38. Qf1 Qxg4 39. Nxg3 Rxb2 40. Re1 Rf6 41. Re2 Rxe2 42. Qxe2 fxg3 43. Kg2 Kh7 44. Qf1 Rxf3 45. Qxf3 Qxf3+ 46. Kxf3 a6 47. a4 Kg6 48. Kxg3 Kf6 49. Kh4 Ke6 50. Kg5 Kd6 51. Kf6 b5 52. cxb5 axb5 53. a5 b4 54. a6 Kc6 55. Kxe5 b3 0-1

[Event "Berlin Eckbauer op 15th"]
[Site "Berlin"]
[Date "2012.10.29"]
[Round "3.17"]
[White "Nuristani, Akbar"]
[Black "Grosse, Michael"]
[Result "1-0"]
[WhiteElo "1675"]
[BlackElo "1931"]
[PlyCount "75"]
[EventDate "2012.10.15"]
[EventType "swiss"]
[EventRounds "7"]
[EventCountry "GER"]
[SourceTitle "EXT 2022"]
[Source "ChessBase"]
[SourceDate "2021.10.06"]
[SourceVersion "1"]
[SourceVersionDate "2021.10.06"]
[SourceQuality "1"]

1. e4 c5 2. Nf3 a6 3. c4 d6 4. d4 cxd4 5. Nxd4 Nf6 6. Nc3 b6 7. Bd3 Bb7 8. f4 Nbd7 9. Qe2 Rc8 10. 0-0 Qc7 11. Be3 e6 12. Rac1 Be7 13. f5 e5 14. Nb3 Nc5 15. Nd5 Qd8 16. Nd2 h6 17. Bc2 Nxd5 18. cxd5 0-0 19. b4 Nd7 20. Nc4 b5 21. Na5 Ba8 22. a4 Bg5 23. axb5 axb5 24. Bxg5 Qxg5 25. Qxb5 Qe3+ 26. Kh1 Nf6 27. Nc6 Bxc6 28. dxc6 Ng4 29. h3 Nf2+ 30. Kh2 Ra8 31. Qc4 Ra3 32. Rxf2 Qxf2 33. Rf1 Qg3+ 34. Kh1 Rc3 35. Qe2 Rxc6 36. b5 Rc3 37. Rd1 Rfc8 38. Bd3 1-0

[Event "Zehlendorf op"]
[Site "Berlin"]
[Date "2010.05.27"]
[Round "3"]
[White "Metin, Altug"]
[Black "Nuristani, Akbar"]
[Result "1-0"]
[WhiteElo "1748"]
[BlackElo "1941"]
[PlyCount "79"]
[EventDate "2010.05.06"]
[EventType "swiss"]
[EventRounds "7"]
[EventCountry "GER"]
[SourceTitle "EXT 2022"]
[Source "ChessBase"]
[SourceDate "2021.10.06"]
[SourceVersion "1"]
[SourceVersionDate "2021.10.06"]
[SourceQuality "1"]

1. e4 g6 2. d4 Bg7 3. Nc3 d6 4. f4 Nd7 5. Nf3 c5 6. a3 a6 7. Bc4 Nh6 8. 0-0 Nb6 9. Ba2 Qc7 10. Ne2 cxd4 11. Nexd4 0-0 12. Bd2 Nc4 13. Bc1 b5 14. b3 Nb6 15. Bb2 Bb7 16. Ng5 Bc8 17. h3 Bd7 18. Rc1 Rae8 19. Qe1 e5 20. Ne2 f6 21. Nf3 Be6 22. Qh4 Nf7 23. g4 Qe7 24. f5 g5 25. Qf2 Bxf5 26. gxf5 Rb8 27. b4 Nc4 28. Bxc4 bxc4 29. Nc3 Rfc8 30. Nd5 Qb7 31. Nd2 a5 32. c3 Nh6 33. Qe2 Qa7+ 34. Kh1 Qf7 35. Nxc4 Rxc4 36. Qxc4 Kf8 37. Rc2 g4 38. hxg4 Nxg4 39. Qc7 Qxc7 40. Nxc7 1-0

[Event "Zehlendorf op"]
[Site "Berlin"]
[Date "2007.11.19"]
[Round "5"]
[White "Behrmann, Joachim"]
[Black "Nuristani, Akbar"]
[Result "1-0"]
[WhiteElo "2192"]
[BlackElo "1748"]
[PlyCount "89"]
[EventDate "2007.10.11"]
[EventType "swiss"]
[EventRounds "7"]
[EventCountry "GER"]
[SourceTitle "EXT 2010"]
[Source "ChessBase"]
[SourceDate "2010.11.25"]
[SourceVersion "1"]
[SourceVersionDate "2010.11.25"]
[SourceQuality "1"]

1. d4 Nf6 2. c4 g6 3. Nc3 Bg7 4. e4 d6 5. Bd3 0-0 6. Nge2 Nbd7 7. Bc2 e5 8. d5 a6 9. f3 Nb6 10. Bd3 c6 11. Be3 cxd5 12. cxd5 h6 13. 0-0 Nbd7 14. b4 Nh5 15. Qd2 g5 16. g3 Ndf6 17. a4 Kh8 18. a5 Rg8 19. Na4 Bh3 20. Rfe1 Nd7 21. Rac1 Qf6 22. Kf2 Bg4 23. Ng1 Bxf3 24. Nxf3 g4 25. Be2 gxf3 26. Bxf3 Qg6 27. Nb6 Rad8 28. Nxd7 Rxd7 29. Rc4 Nf6 30. Rec1 Ne8 31. Ke2 h5 32. Rg1 Nf6 33. h3 Kh7 34. g4 h4 35. Ke1 Kh8 36. Qf2 Qh7 37. g5 Ne8 38. Rg4 Bh6 39. gxh6 Rg6 40. Rc8 Re7 41. Qxh4 f6 42. Qh5 Rg8 43. Rxg8+ Qxg8 44. Bg4 f5 45. h7 1-0

[Event "Zehlendorf op"]
[Site "Berlin"]
[Date "2007.11.02"]
[Round "3"]
[White "Stognief, Ole"]
[Black "Nuristani, Akbar"]
[Result "0-1"]
[WhiteElo "1204"]
[BlackElo "1748"]
[PlyCount "75"]
[EventDate "2007.10.11"]
[EventType "swiss"]
[EventRounds "7"]
[EventCountry "GER"]
[SourceTitle "EXT 2010"]
[Source "ChessBase"]
[SourceDate "2010.11.25"]
[SourceVersion "1"]
[SourceVersionDate "2010.11.25"]
[SourceQuality "1"]

1. c4 Nf6 2. Nc3 g6 3. Nf3 Bg7 4. g3 0-0 5. Bg2 d5 6. cxd5 Nxd5 7. Nxd5 Qxd5 8. 0-0 Nc6 9. d3 h6 10. Qc2 Qd7 11. Bd2 e5 12. Bc3 Nd4 13. Nxd4 exd4 14. Bb4 Re8 15. Rfe1 a5 16. Ba3 c6 17. Rac1 h5 18. Qd2 Kh7 19. Qc2 h4 20. Qc5 hxg3 21. hxg3 Bf8 22. Qc4 Bg7 23. e3 Bh6 24. Qxd4 Qxd4 25. exd4 Be6 26. Ra1 Red8 27. Re4 Bg5 28. b3 Rd7 29. Bb2 Bf5 30. Re5 Bf6 31. Rc5 Bxd3 32. Rd1 Bf5 33. Rc4 Be6 34. Rc2 Kg7 35. Rcd2 Rad8 36. Rd3 a4 37. bxa4 Bxa2 38. R3d2 0-1

[Event "Zehlendorf op"]
[Site "Berlin"]
[Date "2007.10.25"]
[Round "2"]
[White "Nuristani, Akbar"]
[Black "Kross, Thomas"]
[Result "1-0"]
[WhiteElo "1748"]
[BlackElo "1550"]
[PlyCount "107"]
[EventDate "2007.10.11"]
[EventType "swiss"]
[EventRounds "7"]
[EventCountry "GER"]
[SourceTitle "EXT 2010"]
[Source "ChessBase"]
[SourceDate "2010.11.25"]
[SourceVersion "1"]
[SourceVersionDate "2010.11.25"]
[SourceQuality "1"]

1. e4 e5 2. Nf3 Nf6 3. Nc3 Bb4 4. Bc4 Nc6 5. 0-0 0-0 6. Re1 d6 7. h3 Na5 8. Bd3 Be6 9. Nd5 Bc5 10. b4 Bxd5 11. bxc5 Be6 12. cxd6 Qxd6 13. a4 c5 14. Ba3 Rfc8 15. Bf1 Qc7 16. Bb2 Nd7 17. Ng5 Bc4 18. d3 Ba6 19. Qh5 Nf6 20. Qh4 h6 21. Nf3 Nc6 22. Qg3 Re8 23. Nh4 Nd4 24. Rac1 Nh5 25. Qh2 b6 26. c3 Nb3 27. Rcd1 Rad8 28. Nf5 Qc6 29. d4 Bxf1 30. d5 Qxa4 31. Kxf1 Qc4+ 32. Kg1 Qb5 33. Ne3 c4 34. Ba3 Nc5 35. Rb1 Nb3 36. d6 Qa4 37. Nc2 Nf4 38. g3 Nd3 39. Red1 a5 40. f3 Rd7 41. Qe2 Re6 42. h4 Ndc5 43. Bxc5 bxc5 44. Ne3 Rexd6 45. Rxd6 Rxd6 46. Qxc4 Qxc4 47. Nxc4 Rd3 48. Rxb3 a4 49. Ra3 f6 50. Kf2 Kf7 51. Ke2 Rd7 52. Rxa4 Ke7 53. Ra6 Rc7 54. Ne3 1-0

[Event "Zehlendorf op"]
[Site "Berlin"]
[Date "2007.10.14"]
[Round "1"]
[White "Lundin, Jan"]
[Black "Nuristani, Akbar"]
[Result "1-0"]
[WhiteElo "2282"]
[BlackElo "1748"]
[PlyCount "89"]
[EventDate "2007.10.11"]
[EventType "swiss"]
[EventRounds "7"]
[EventCountry "GER"]
[SourceTitle "EXT 2010"]
[Source "ChessBase"]
[SourceDate "2010.11.25"]
[SourceVersion "1"]
[SourceVersionDate "2010.11.25"]
[SourceQuality "1"]

1. d4 Nf6 2. Bg5 d6 3. Bxf6 exf6 4. c4 g6 5. Nc3 Bg7 6. g3 0-0 7. Bg2 c6 8. e3 f5 9. Nge2 Nd7 10. 0-0 Nf6 11. b4 Bd7 12. Rb1 Rb8 13. b5 c5 14. dxc5 dxc5 15. Nf4 Qa5 16. Ncd5 Be6 17. Qc2 Rfe8 18. Nxf6+ Bxf6 19. Rfd1 Qc7 20. Rb3 Be5 21. Nd5 Qc8 22. Ra3 a6 23. Qa4 axb5 24. Qxb5 Kf8 25. Nb6 Qc7 26. Nd7+ Kg7 27. Nxb8 Rxb8 28. Ra7 Bc8 29. Rd5 Bd6 30. Ra3 Be6 31. Rd1 Bd7 32. Qa5 Be6 33. Qxc7 Bxc7 34. Bd5 Kf6 35. Ra7 Be5 36. f4 Bc7 37. Bxe6 Bb6 38. Rd7 Bxa7 39. Bd5 Rf8 40. Rxb7 Bb8 41. a4 Bd6 42. a5 g5 43. a6 gxf4 44. gxf4 Kg6 45. Rb6 1-0

[Event "Berlin op 04"]
[Site "Berlin"]
[Date "2006.04.17"]
[Round "3"]
[White "Nuristani, Akbar"]
[Black "Werner, Daniel2222"]
[Result "0-1"]
[WhiteElo "1726"]
[BlackElo "1916"]
[PlyCount "120"]
[EventDate "2006.04.14"]
[EventType "swiss"]
[EventRounds "9"]
[EventCountry "GER"]
[SourceTitle "EXT 2007"]
[Source "ChessBase"]
[SourceDate "2006.11.23"]
[SourceVersion "1"]
[SourceVersionDate "2006.11.23"]
[SourceQuality "1"]

1. Nf3 Nf6 2. c4 e6 3. g3 d5 4. Bg2 dxc4 5. Qa4+ c6 6. Qxc4 b5 7. Qc2 Bb7 8. 0-0 Be7 9. b3 0-0 10. Bb2 Nbd7 11. Nd4 Rc8 12. e4 Qb6 13. Ne2 c5 14. d3 Ng4 15. h3 Nge5 16. Kh2 c4 17. d4 Nd3 18. Bc3 Nf6 19. bxc4 bxc4 20. Nd2 Qc7 21. Rab1 Nh5 22. Nxc4 Qxc4 23. Rxb7 Bb4 24. Rxb4 Nxb4 25. Qd2 Nxa2 26. Ba1 Nf6 27. Rb1 Qc2 28. Qe1 Rb8 29. Rd1 Nxe4 30. Nf4 Nf6 31. Rd2 Qa4 32. Nd3 Nb4 33. Nc5 Qe8 34. Bb2 Qd8 35. Ba3 Re8 36. Rb2 Nbd5 37. Nb7 Qd7 38. Nc5 Qc6 39. Rc2 Qb5 40. Qc1 h6 41. Bf1 Qb1 42. Bg2 Qxc1 43. Rxc1 Red8 44. Rc2 Nb4 45. Rc4 Nfd5 46. Bc1 a5 47. Be3 Rdc8 48. Bf1 Ra8 49. Bd2 Rcb8 50. Na4 Nb6 51. Nxb6 Rxb6 52. Be2 Nd5 53. Bd1 Rb2 54. Bc1 Rxf2+ 55. Kg1 Ra2 56. Kf1 Ra1 57. Ke1 Rb8 58. Kd2 Ra2+ 59. Kd3 Rg2 60. Bf4 Nxf4+ 0-1

[Event "Brandenburg-ch Seniors 22nd"]
[Site "Berlin"]
[Date "2006.02.25"]
[Round "6"]
[White "Nuristani, Akbar"]
[Black "Poeltelt, Helmut"]
[Result "1-0"]
[WhiteElo "1726"]
[BlackElo "1614"]
[PlyCount "71"]
[EventDate "2006.02.20"]
[EventType "swiss"]
[EventRounds "9"]
[EventCountry "GER"]
[SourceTitle "EXT 2007"]
[Source "ChessBase"]
[SourceDate "2006.11.23"]
[SourceVersion "1"]
[SourceVersionDate "2006.11.23"]
[SourceQuality "1"]

1. Nf3 c5 2. c4 Nf6 3. Nc3 d5 4. cxd5 Nxd5 5. g3 Nxc3 6. bxc3 b6 7. Bg2 Bb7 8. 0-0 Qc7 9. Bb2 e5 10. d3 Be7 11. Qc2 Nd7 12. Rac1 Rc8 13. Rfd1 Bd5 14. c4 Be6 15. Nd2 f6 16. Ne4 h5 17. Nc3 Qb8 18. e4 h4 19. Nd5 Bd6 20. a4 hxg3 21. fxg3 Bg4 22. Rf1 Rh6 23. Bf3 Bxf3 24. Rxf3 Kf7 25. Rcf1 Rch8 26. R3f2 R8h7 27. Bc1 Rg6 28. Rg2 Qh8 29. Qf2 Nf8 30. Ne3 Ne6 31. Nf5 Bc7 32. Nh4 Ng5 33. Qf5 Rxh4 34. gxh4 Qxh4 35. Bxg5 Rxg5 36. Rxg5 1-0

[Event "Brandenburg-ch Seniors 22nd"]
[Site "Berlin"]
[Date "2006.02.23"]
[Round "4"]
[White "Nuristani, Akbar"]
[Black "Franke, Klaus"]
[Result "0-1"]
[WhiteElo "1726"]
[BlackElo "1709"]
[PlyCount "82"]
[EventDate "2006.02.20"]
[EventType "swiss"]
[EventRounds "9"]
[EventCountry "GER"]
[SourceTitle "EXT 2007"]
[Source "ChessBase"]
[SourceDate "2006.11.23"]
[SourceVersion "1"]
[SourceVersionDate "2006.11.23"]
[SourceQuality "1"]

1. Nf3 d5 2. c4 e6 3. g3 Nf6 4. Bg2 c6 5. 0-0 Nbd7 6. b3 Nb6 7. Qc2 Be7 8. Bb2 dxc4 9. bxc4 0-0 10. a4 h6 11. e4 Nbd7 12. e5 Ne8 13. d4 Nc7 14. Nfd2 c5 15. d5 exd5 16. cxd5 Nxd5 17. Bxd5 Nxe5 18. Bg2 Ng6 19. Ne4 Bf5 20. Qc3 f6 21. Ba3 Bxe4 22. Bxe4 f5 23. Bxb7 Rb8 24. Bg2 Kh7 25. Qc2 Qa5 26. Nd2 Rbc8 27. Rab1 Rf6 28. Bb2 Rff8 29. h4 Bf6 30. h5 Ne7 31. Rfe1 Bxb2 32. Rxb2 Ng8 33. Re5 Kh8 34. Rxf5 Nf6 35. Rb5 Qd8 36. Rfxc5 Rxc5 37. Rxc5 Qd4 38. Nf3 Qa1+ 39. Kh2 Qa3 40. Ne5 Re8 41. Ng6+ Kg8 0-1